000 00406nam a2200169Ia 4500
008 230524s9999 xx 000 0 und d
020 _a8188458694
082 _a624.18
_bSIN
100 _aParbin Singh
_942089
245 0 _aCivil Engineering Materials
250 _a1
260 _aNew Delhi
_bKatson
_c2012
300 _a"XI,279p;"
500 _aQuantity Number: 1
650 _aCivil
942 _cBK
999 _c56498
_d56498